Lippuja vaakasuorien raitojen mukaan - Statistics

Yleistilastot
  • Tätä visaa on pelattu 948 kertaa
  • Keskiarvotulos 12 / 15
Vastaustilastot
Kuvavisa Vastaus % Oikein
Espanja
98%
Islanti
98%
Norja
98%
Suomi
98%
Israel
96%
Kreikka
95%
Yhdysvallat
94%
Intia
87%
Tanska
86%
Uganda
72%
Uruguay
72%
Libanon
58%
Etelä-Afrikka
56%
Malesia
54%
Swazimaa
48%
Ehtoja vastaavia visoja ei löytynyt
Tulosjakauma
Jokaisen tuloksen saaneiden osuus
Persentiili vastausten määrän mukaan
Tuloshistoriasi
Et ole pelannut tätä visaa